书目信息 |
| 题名: |
微生物发酵工艺学原理
|
|
| 作者: | 韩德权 , 王莘 主编 | |
| 分册: | ||
| 出版信息: | 北京 化学工业出版社 2017.6 |
|
| 页数: | 248页 | |
| 开本: | 26cm | |
| 丛书名: | ||
| 单 册: | ||
| 中图分类: | TQ920.1 | |
| 科图分类: | ||
| 主题词: | 发酵学--微生物学--高等学校--教材 | |
| 电子资源: | ||
| ISBN: | 978-7-122-16603-6 | |
| 000 | 01010nam0 2200265 450 | |
| 001 | 0400003268 | |
| 005 | 20171022081445.0 | |
| 010 | @a978-7-122-16603-6@dCNY35.00 | |
| 100 | @a20130425d2017 em y0chiy50 ea | |
| 101 | 0 | @achi |
| 102 | @aCN@b110000 | |
| 105 | @ay z 000yy | |
| 106 | @ar | |
| 200 | 1 | @a微生物发酵工艺学原理@9wei sheng wu fa jiao gong yi xue yuan li@f韩德权,王莘主编 |
| 210 | @a北京@c化学工业出版社@d2017.6 | |
| 215 | @a248页@d26cm | |
| 300 | @a普通高等教育“十二五”规划教材 | |
| 320 | @a有书目(第246-248页) | |
| 330 | @a本书共十章,论述了利用微生物发酵的基本工艺学知识,包括微生物发酵代谢控制的基本原理与方法、工业微生物育种与种子制备、工业生产用培养基、发酵工程中的灭菌操作、发酵设备简介、发酵过程优化和工艺控制、通气和搅拌、发酵产物的常用提取分离方法等。 | |
| 606 | 0 | @a发酵学@x微生物学@x高等学校@j教材 |
| 690 | @aTQ920.1@v5 | |
| 701 | 0 | @a韩德权@9han de quan@4主编 |
| 701 | 0 | @a王莘@9wang xin@4主编 |
| 801 | 0 | @aCN@b91MARC@c20171022 |
| 905 | @b1033521-5@dTQ920.1@f5@e39 | |
| 微生物发酵工艺学原理/韩德权,王莘主编.-北京:化学工业出版社,2017.6 |
| 248页;26cm |
| 普通高等教育“十二五”规划教材 |
| ISBN 978-7-122-16603-6:CNY35.00 |
| 本书共十章,论述了利用微生物发酵的基本工艺学知识,包括微生物发酵代谢控制的基本原理与方法、工业微生物育种与种子制备、工业生产用培养基、发酵工程中的灭菌操作、发酵设备简介、发酵过程优化和工艺控制、通气和搅拌、发酵产物的常用提取分离方法等。 |
| ● |
| 相关链接 |
|
|
|
|
正题名:微生物发酵工艺学原理
索取号:TQ920.1/39
 
预约/预借
| 序号 | 登录号 | 条形码 | 馆藏地/架位号 | 状态 | 备注 |
| 1 | 1033521 | 210335216 | 第二样本阅览室/ [索取号:TQ920.1/39] | 在馆 | |
| 2 | 1033522 | 210335225 | 密集书库-化学系/ [索取号:TQ920.1/39] | 在馆 | |
| 3 | 1033523 | 210335234 | 第三借阅区/ [索取号:TQ920.1/39] | 在馆 | |
| 4 | 1033524 | 210335243 | 第三借阅区/ [索取号:TQ920.1/39] | 在馆 | |
| 5 | 1033525 | 210335252 | 第三借阅区/ [索取号:TQ920.1/39] | 在馆 |